000
00239nam a22001097a 4500
999
_c
12570
_d
12570
020
_a
978-9382226192
082
_a
650
100
_a
Blackburn, Jidan
245
_a
Business Environment
260
_a
India
_b
Random Exports
_c
2013
942
_c
BK